| 000 | 01360nam a2200433 c 4500 | ||
|---|---|---|---|
| 001 | 21401 | ||
| 003 | ES-MaCES | ||
| 005 | 20141221122726.0 | ||
| 008 | 080819s2008 sp bd t o000 | spa d | ||
| 017 |
_aNA 1174-2008 _bDL |
||
| 024 | 7 |
_a605-08-260-3748-0 _2nipo |
|
| 035 | _aCES20080008390m | ||
| 040 |
_aES-MaCES _bspa _cES-MaCES |
||
| 100 | 1 |
_aAranda Aznar, José _d1942-2007 _96424 |
|
| 245 | 1 | 0 |
_aCifras contra la crispación _b: selección de artículos publicados en el periódico Cinco Días _cJosé Aranda |
| 260 |
_aMadrid _bINE _c2008 |
||
| 300 |
_a152 p. _c23 cm |
||
| 541 | _cGratuito | ||
| 650 | 4 |
_ainmigración _928632 |
|
| 650 | 4 |
_aPaís Vasco _930799 |
|
| 650 | 4 |
_aCataluña _930774 |
|
| 650 | 4 |
_aterrorismo _929387 |
|
| 650 | 4 |
_avivienda _928598 |
|
| 650 | 4 |
_amortalidad _928506 |
|
| 650 | 4 |
_aenfermedad _928679 |
|
| 650 | 4 |
_apoblación _928509 |
|
| 650 | 4 |
_asistema electoral _927195 |
|
| 650 | 4 |
_aparticipación popular _929756 |
|
| 650 | 4 |
_aEspaña _926964 |
|
| 650 | 4 |
_anoticia de prensa _928956 |
|
| 650 | 4 |
_a1998-2007 _931940 |
|
| 650 | 4 |
_aanálisis estadístico _928889 |
|
| 653 | 1 | 0 | _aCiencias Sociales-Políticas |
| 710 | 2 |
_aInstituto Nacional de Estadística (España) _94273 |
|
| 710 | 2 |
_aCinco Días _91951 |
|
| 902 | _aLIB Libro | ||
| 942 |
_2CES _cBK _h7.0. |
||
| 999 |
_c21401 _d21401 |
||